Čo treba vedieť o účtovnej závierke a o dani z príjmov právnických osôb za rok 1998

Bibliographic Details
Main Authors: Šlosárová, Anna, 1952- (Author), Haľama, Juraj účtovník (Author), Borodovčák, Michal, 1944- (Author)
Format: Book
Language:Slovak
PhysicalDescription:79 s. tab. 30 cm
Published: Bratislava Súvaha 1998
ISBN:8088727235
Subjects:

MARC

LEADER 00000nam a2200000 a 4500
001 vtls001356211
003 SK-MaSNL
005 20260302000218.0
008 240314s1998 xo p r y slo
015 |a SNBA1999/05-01830 
020 |a 8088727235 
035 |a SNK000309683 
035 |a urn:nbn:sk:snk-amtk0k 
035 |a urn:nbn:sk:snk-am00c6o0 
035 |a D981F1E1-6C9A-412A-AAED-A1EF4E9174D2 
040 |a SNK  |b slo  |c SNK  |e AACR2 
041 0 |a slo 
044 |a xo  |c SK 
080 |a 657.371+336.271(035)"1998"  |2 1981 
080 |a 336.271(035)"1998"  |2 1981 
100 1 |a Šlosárová, Anna,  |d 1952-  |4 aut  |9 199607 
245 1 0 |a Čo treba vedieť o účtovnej závierke a o dani z príjmov právnických osôb za rok 1998  |c Anna Šlosárová, Juraj Haľama, Michal Borodovčák 
260 |a Bratislava  |b Súvaha  |c 1998 
300 |a 79 s.  |b tab.  |c 30 cm 
650 0 7 |a uzávierky účtovné  |x príručky  |2 SNK  |9 634477 
650 0 7 |a dane z príjmov  |x osoby právnické  |x príručky  |2 SNK  |9 634478 
655 7 |a príručky  |2 SNK  |9 74364 
700 1 |a Haľama, Juraj  |c účtovník  |4 aut  |9 97765 
700 1 |a Borodovčák, Michal,  |d 1944-  |4 aut  |9 111782 
919 |a 80-88727-23-5 
958 |a TL 
958 |a OND 
999 |c 978554  |d 980484 
952 |t P60, <03>, [BOOK], {603}  |a SNK  |b SNK  |y PREZ  |7 0  |p 17A0183092  |o snkSB 59922  |i snkKSP 2154/99  |0 0  |1 0  |4 0  |d 1999-03-01  |f 1  |l 0  |r 2025-04-09 00:00:00  |w 2026-02-24 
952 |t P60, <04>, [BOOK], {604}  |a SNK  |b SNK  |y VYP  |7 0  |p 17A0183093  |o snkSB 59922 D1  |i snkKSP 2155/99  |0 0  |1 0  |4 0  |d 1999-03-01  |l 0  |r 2005-01-02 00:00:00  |w 2026-02-24